Sprachen Quiz - Verben - Statistiken

Allgemein
  • Dieses Quiz wurde 1.332 mal gespielt
  • Das Durchschnittsergebnis liegt bei 19 aus 40
Antwortstatistiken
Antwort % Korrekt
have
98%
be
97%
say
96%
see
96%
go
95%
can
94%
come
94%
know
94%
do
92%
want
90%
être
58%
avoir
54%
dire
49%
dire
49%
faire
48%
aller
46%
venir
46%
venir
45%
voir
43%
savoir
42%
pouvoir
41%
vouloir
41%
ser
37%
tener
34%
hacer
31%
ir
30%
ver
30%
poder
27%
saber
25%
querer
24%
decir
21%
essere
16%
venire
16%
fare
15%
avere
14%
andare
13%
volere
12%
sapere
11%
vedere
10%
potere
9%
Keine übereinstimmenden Quizze gefunden
Verteilung der Resultate
Anzahl Personen mit jedem Resultat
Perzentil nach korrekt beantworteten Fragen
Ihre Resultats-Entwicklung
Sie haben dieses Quiz noch nicht gespielt